00850nac a22002657a 4500001001300000003000900013005001700022008003400039040005400073072001300127100001800140100002500158100001900183110005400202245008300256260003500339300001100374490007900385500001100464650001300475650002300488650002500511650002300536650002500559BR2011005879BR-BrBNA20240105123918.0230509b bl.|||m| |||| 00| 0 por d aBR-BrBNAbporcBiblioteca Nacional de Agricultura aF01; A011 aHomma, A.K.O.1 aMenezes, A.J.E.A. de1 aMatos, G.B. de1 aEMBRAPA Amazônia Oriental, Belém, PA (Brasil)1 aCultivo de baunilha: uma alternativa para a agricultura familiar na Amazônia3 aBelém, PA (Brasil): c2006.  a24 p.  aDocumentos - EMBRAPA Amazônia Oriental (Brazil)vno. 254xISSN 1517-2201 a9 ref. aBAUNILHA aPLANTA AROMÁTICA aAGRICULTURA FAMILIAR aPRÁTICA CULTURAL aPRODUÇÃO VEGETAL